000 01034nam a22002657a 4500
001 10069
003 FISKH
005 20260403095658.0
008 260403b cb ||||| |||| 00| 0 eng d
020 _a9788184513707
040 _aFISKH
_beng
_cFISKH
_dFISKH
082 _a428.1
100 _aShilpa
245 _aDreamland kid's 2nd activity book /
_cCompiled by Shilpa & Shweta
260 _aNew Delhi :
_bDreamland Publications,
_c2010.
300 _a64 pages :
_bcolor illustrations ;
_c28 cm
505 _aaa
520 _aAn engaging English activity workbook for early learners that introduces basic language concepts through fun exercises and word games. Activities help children practice phonics, sight words, rhyming words, simple grammar, vocabulary, and sentence building while developing early literacy skills.
521 8 _a10
_bLexile estimate
521 8 _aaa
_bRaz-Plus
650 _aEnglish language
_vStudy and teaching
700 _aShweta
_eAuthor
942 _2ddc
_cBK
_n0
999 _c10069
_d10069